000 00515nab a2200157Ia 4500
003 ES-SlBCS
005 20210601124311.0
008 140529s1981 xxu||||| |||| 00| 0 eng d
041 _aeng
100 1 _aDennis, Lawrence J.
_9139103
245 0 0 _aMaed and Dewey: Thematic Connections on Educational Topics
_c Lawrence J. Dennis, George W. Stickel
650 0 4 _aMaed
_9139404
700 1 _aStickel, George W.
_9139405
773 0 _tEducational Theory
_gvol. 31, nº. 3-4, 1981, págs. 319-332
_wRev1399
942 _cAR
999 _c512565
_d512565